Name the 10 Indian Monuments by Picture - Statistics

General Stats
  • This quiz has been taken 14 times
  • The average score is 8 of 10
Answer Stats
Picture Answer % Correct
Lotus Temple, New Delhi
100%
Red Fort, Delhi
100%
Taj Mahal, Agra
100%
Golden Temple, Amritsar
93%
India Gate, New Delhi
93%
Gateway Of India, Mumbai
86%
Qutub Minar, New Delhi
79%
Jama Masjid, Delhi
71%
Hawa Mahal, Jaipur
64%
Sanchi Stupa, Bhopal
14%
No matching quizzes found
Score Distribution
Percent of People with Each Score
Percentile by Number Answered
Your Score History
You have not taken this quiz